LEADER 01064nam a2200205 i 4500 001 000000029840 003 CaOOAMICUS 005 20200424103652.0 008 180830s1809 fr u000 u fre u 040 $aSeMil$bita 245 10$aPsaumes nouvellement traduits sur l'hébreu, et mis dans leur ordre naturel, avec des explications et des notes critiques ... Tome 1. [-3.]. 264 1$aA Paris :$bChez Eberhart :$bSavoye :$bNicolle,$c1809. 300 $a3 v. ;$c8°. 650 4$aBibbia - AT - Salmi - Traduzioni francesi.$0(OLS)http://semarc/subject/4766 774 0 $tTome premier, contenant la traduction.$w()66616 774 0 $tTome second. Contenant les axplications.$w()229453 774 0 $tTome troisieme, contenant les notes.$w()229452 996 $6245$aPsaumes nouvellement traduits sur l'hébreu, et mis dans leur ordre naturel, avec des explications et des notes critiques ... Tome 1. [-3.]$9(OLS)http://semarc/title/40584 996 $6264$aA Paris :$bChez Eberhart :$bSavoye :$bNicolle$9(OLS)http://semarc/publisher/38239 LEADER 01143nam a2200253 i 4500 001 000000116093 003 CaOOAMICUS 005 20040610000000.0 008 040610s1966 it u000 u ita u 013 $a88782 040 $aSeMil$bita 100 0 $aSanzio, Raffaello,$d<1483-1520>.$0(OLS)http://semarc/name/5288 240 00$aIn memoria di un padre : Alessandro Maria Gottardi, arcivescovo emerito di Trento.$0(OLS)http://semarc/title/170176 245 10$aRaffaello /$cRaffaele Monti. 260 $aFirenze :$bSadea Sansoni,$ccopyr. 1966. 300 $a39 p., 79 p. di tav. :$bill. ;$c18 cm. 490 0 $aI diamanti dell'arte : biblioteca di pittura, scultura e architettura ;$v9 600 14$aSanzio, Raffaello <1483-1520>.$0(OLS)http://semarc/subject/1752 700 1 $aMonti, Raffaele.$0(OLS)http://semarc/name/36958 830 2$aI diamanti dell'arte ;$v9.$0(OLS)http://semarc/title/15551 850 $aSeMil 852 $aSeMil$W1$xVenegono$y1$m5P I 44$j71574$B71574$CSeMilBibl$Z2$F83736 $81 996 $6245$aRaffaello$9(OLS)http://semarc/title/22419 996 $6260$aFirenze :$bSadea Sansoni$9(OLS)http://semarc/publisher/33238